000 00935cam a2200277 i 4500
001 3654238
003 EG-ScBUE
005 20250709100554.0
008 690912t1969 nyua f b 001 0 eng d
020 _a080533100X
040 _aDLC
_beng
_erda
_cDLC
_dDLC
_dEG-ScBUE
082 0 4 _a541.39
_222
_bGAR
100 1 _aGardiner, William C.
_q(William Cecil),
_d1933-
_eauthor.
_97638
245 1 0 _aRates and mechanisms of chemical reactions /
_cW. C. Gardiner, Jr. University of Texas.
264 1 _aNew York :
_bW. A. Benjamin,
_c[1969]
264 4 _cc1969
300 _axiii, 284 pages :
_billustrations ;
_c23 cm.
336 _2rdacontent
_atext
_btxt
337 _aunmediated
_2rdamedia
_bn
338 _avolume
_bnc
_2rdacarrier
490 0 _aPhysical chemistry monograph series
504 _aIncludes bibliographical references and index.
650 7 _aChemical kinetics.
_2BUEsh
_97639
655 _vReading book
942 _2ddc
_cBB
999 _c12218
_d12218